Melukut Kota: Dia Hilang Bersama Remang-Remang Angin Senja

Bibliographic Details
Main Author: Azizi Hj. Abdullah
Format: Book
Published: Kuala Lumpur : Creative Enterprise Sdn. Bhd. , 1995
Subjects:

MARC

LEADER 00000cam a2200000 7i4500
001 0000053444
005 20151021.0
008 151021
020 |a 9838932523 
090 0 0 |a AZI   |b MAL 
100 1 |a Azizi Hj. Abdullah 
245 1 0 |a Melukut Kota: Dia Hilang Bersama Remang-Remang Angin Senja   |c Azizi Hj. Abdullah 
260 |a Kuala Lumpur :   |b Creative Enterprise Sdn. Bhd. ,   |c 1995 
300 |a 129pg. :   |b Col.ill 
650 0 |a Malay Fiction 
999 |a 0000934465   |b Book   |c Adult Collection   |e Cawangan Tangkak